000 01077nam a22002297a 4500
008 081007t xxu||||| |||| 00| 0 mar
010 _aMAR-20012
020 _c75.00
035 _aMR-12670
037 _bD.B.Act /pub
082 _a613.7046
100 _aजोशी, नरेन्द्र
245 _aज्येष्ठांसाठी योगासने /
_cनरेंद्र जोशी
246 _aJyeshansathi Yaogasane
_bby Narendra Joshi
260 _aपुणे
_bउत्कर्ष प्रकाशन
_c2008
270 _a685, डेक्कन जिमखाना,
_bपुणे
_e411004
_k25532479, 25537958
300 _a80 पृ
_c22 सेमी (अजिल्द)
_bसचित्र
650 _aयोगा
650 _aYoga
_xPhysical Fitness
942 _2ddc
_cMR
_mजोशीन
_h613.7046
999 _c21209
_d21209